书目信息 |
| 题名: |
高层建筑给水排水工程
|
|
| 作者: | 李亚峰 , 姜湘山 , 蒋白懿 编著 | |
| 分册: | ||
| 出版信息: | 北京 化学工业出版社 2004.03 |
|
| 页数: | 298页 | |
| 开本: | 26cm | |
| 丛书名: | ||
| 单 册: | ||
| 中图分类: | TU976.4 | |
| 科图分类: | ||
| 主题词: | 高层建筑--排水工程 , 高层建筑--给水工程 | |
| 电子资源: | ||
| ISBN: | 7-5025-5295-2 | |
| 000 | 01185nam0 2200289 450 | |
| 001 | 0140906113 | |
| 005 | 20050919094958.98 | |
| 010 | @a7-5025-5295-2@dCNY45.00 | |
| 100 | @a20040906d2004 km y0chiy0120 ea | |
| 101 | 0 | @achi |
| 102 | @aCN@b110000 | |
| 105 | @aa a 000yy | |
| 200 | 1 | @a高层建筑给水排水工程@AGao Ceng Jian Zhu Gei Shui Pai Shui Gong Cheng@f李亚峰 ... [等] 编著 |
| 210 | @a北京@c化学工业出版社@d2004.03 | |
| 215 | @a298页@c图@d26cm | |
| 304 | @a题名页题其余责任者 : 蒋白懿, 姜湘山, 尹士君等 | |
| 320 | @a有书目 (第298页)。 | |
| 330 | @a本书主要论述了高层建筑给水排水工程的基本知识、设计方法及设计要求,并对近几年来关于高层建筑给水排水工程方面的新方法、新技术、新材料等做了详细的介绍。为了使读者能够尽快掌握高层建筑给水排水工程的设计计算方法,书中每部分均有设计计算例题,并提供了典型的工程实例供读者参考。 | |
| 333 | @a给排水工程设计、施工工程技术人员,给排水工程专业学生 | |
| 606 | 0 | @a高层建筑@x排水工程 |
| 606 | 0 | @a高层建筑@x给水工程 |
| 690 | @aTU976.4@v4 | |
| 701 | 0 | @a李亚峰@ALi Ya Feng@4编著 |
| 701 | 0 | @a姜湘山@AJiang Xiang Shan@4编著 |
| 701 | 0 | @a蒋白懿@AJiang Bai Yi@4编著 |
| 801 | 0 | @aCN@bQSSK@c20050919 |
| 905 | @a10447@dTU976.4@eL311 | |
| 高层建筑给水排水工程/李亚峰 ... [等] 编著.-北京:化学工业出版社,2004.03 |
| 298页:图;26cm |
| 使用对象:给排水工程设计、施工工程技术人员,给排水工程专业学生 |
| ISBN 7-5025-5295-2:CNY45.00 |
| 本书主要论述了高层建筑给水排水工程的基本知识、设计方法及设计要求,并对近几年来关于高层建筑给水排水工程方面的新方法、新技术、新材料等做了详细的介绍。为了使读者能够尽快掌握高层建筑给水排水工程的设计计算方法,书中每部分均有设计计算例题,并提供了典型的工程实例供读者参考。 |
| ● |
| 相关链接 |
|
|
|
正题名:高层建筑给水排水工程
索取号:TU976.4/L311
 
预约/预借
| 序号 | 登录号 | 条形码 | 馆藏地/架位号 | 状态 | 备注 |
| 1 | 524685 | 205246857 | 建筑库201/201建筑库 58排5列3层/ [索取号:TU976.4/L311] | 在馆 | |
| 2 | 524686 | 205246866 | 建筑库201/201建筑库 58排5列3层/ [索取号:TU976.4/L311] | 在馆 | |
| 3 | 524687 | 205246875 | 建筑库201/201建筑库 58排5列3层/ [索取号:TU976.4/L311] | 在馆 |